Océano pocket : (Registro nro. 622)
[ vista simple ]
| 000 -LEADER | |
|---|---|
| fixed length control field | 00545nam a22001817a 4500 |
| 003 - CONTROL NUMBER IDENTIFIER | |
| control field | AR-RoUNCS |
| 005 - DATE AND TIME OF LATEST TRANSACTION | |
| control field | 20250926154356.0 |
| 008 - FIXED-LENGTH DATA ELEMENTS--GENERAL INFORMATION | |
| fixed length control field | 250926t2016 sp |||||ri||| 001 0 por d |
| 020 ## - INTERNATIONAL STANDARD BOOK NUMBER | |
| International Standard Book Number | 978-84-494-2734-3 |
| 040 ## - CATALOGING SOURCE | |
| Transcribing agency | AR-RoUNCS |
| 080 ## - UNIVERSAL DECIMAL CLASSIFICATION NUMBER | |
| Authority record control number or standard number | (038)=134.3 |
| 245 00 - TITLE STATEMENT | |
| Title | Océano pocket : |
| Remainder of title | diccionario español-portugués = dicionario português-espanhol. |
| 260 ## - PUBLICATION, DISTRIBUTION, ETC. | |
| Place of publication, distribution, etc. | Barcelona : |
| Name of publisher, distributor, etc. | Editorial Océnao, |
| Date of publication, distribution, etc. | 2016. |
| 300 ## - PHYSICAL DESCRIPTION | |
| Extent | 798 p., XVI ; |
| Dimensions | 16 cm. |
| 490 0# - SERIES STATEMENT | |
| Series statement | Océano Pocket |
| 650 #4 - SUBJECT ADDED ENTRY--TOPICAL TERM | |
| Topical term or geographic name entry element | PRTUGUÉS |
| General subdivision | ESPAÑOL |
| Form subdivision | DICCIONARIOS |
| 942 ## - ADDED ENTRY ELEMENTS (KOHA) | |
| Source of classification or shelving scheme | Universal Decimal Classification |
| Koha item type | Obra General |
| Suppress in OPAC | No |
| Withdrawn status | Lost status | Source of classification or shelving scheme | Damaged status | Not for loan | Collection | Home library | Current library | Date acquired | Source of acquisition | Total checkouts | Full call number | Barcode | Date last seen | Price effective from | Koha item type |
|---|---|---|---|---|---|---|---|---|---|---|---|---|---|---|---|
| Universal Decimal Classification | Colección de Referencia | Biblioteca Escuela de Ciencias Sociales | Biblioteca Escuela de Ciencias Sociales | 26/09/2025 | Donación 2025 | (038)=134.3 OC15 | 001470 | 26/09/2025 | 26/09/2025 | Obra General |